Normal view
MARC view
- الإسلام -- الحضارة الإسلامية
Entry Topical Term
001 - CONTROL NUMBER
- control field: 56622
003 - CONTROL NUMBER IDENTIFIER
- control field: JO-AjAnu
005 - DATE AND TIME OF LATEST TRANSACTION
- control field: 20230606083258.0
008 - FIXED-LENGTH DATA ELEMENTS
- fixed length control field: 230606|| aca||aabn | a|a d
040 ## - CATALOGING SOURCE
- Original cataloging agency: JO-AjAnu
- Transcribing agency: JO-AjAnu
150 ## - HEADING--TOPICAL TERM
- Topical term or geographic name entry element: الإسلام -- الحضارة الإسلامية
670 ## - SOURCE DATA FOUND
- Source citation: Work cat.: (JO-AjAnu)28893: إعداد عبد السلام داود العبادي، عمر محمد نزال العرموطي, author 56621, مؤتمر الإسلام حضارة وسلام (في ظلال رسالة عمان) وندوة البنوك وأدوات التمويل الإسلامي والزكاة والوقف